Capitais estaduais do Brasil - Morte súbita - Statistics

Estatísticas Gerais
  • Esse quiz foi jogado 409 vezes
  • A pontuação média é 12 de 16
Answers on the Grid
Answers color-coded by a green-red scale on the quiz's grid according to % correct below.
Amapá
Aracaju
Balsas
Belém
Boa Vista
Boca do Acre
Campina Grande
Campo Grande
Cuiabá
Curitiba
Fortaleza
Goiás
Joinville
Juazeiro
Juiz de Fora
Macapá
Maceió
Manaus
Mossoró
Nova Iguaçu
Olinda
Porto Alegre
Porto Velho
Rio Branco
Rio de Janeiro
São Paulo
Teresina
Teresópolis
Vila Velha
Vilhena
 
Estatísticas das Respostas
Resposta % Correto
Belém
88%
Curitiba
82%
São Paulo
82%
Aracaju
81%
Fortaleza
81%
Rio de Janeiro
80%
Cuiabá
79%
Boa Vista
78%
Porto Alegre
78%
Manaus
77%
Campo Grande
76%
Maceió
76%
Rio Branco
74%
Macapá
72%
Porto Velho
72%
Teresina
72%
Nenhum quiz correspondente encontrado
Distribuição das Pontuações
Porcentagem de Pessoas com Cada Pontuação
Percentil de Números Respondidos
Sua Pontuação Histórica
Você não jogou esse quiz